| 000 | 00559nam a2200169Ia 4500 | ||
|---|---|---|---|
| 003 | GCL | ||
| 008 | 140319s9999 xx 000 0 ara d | ||
| 040 |
_aGCL / _cGCL |
||
| 082 | 0 | 4 |
_a410 _bع م |
| 100 | 1 | _aعبدالعليم ابراهيم | |
| 245 | 1 | 0 |
_aالموجه الفنى لمدرسى اللغة العربية / _cعبدالعليم ابراهيم |
| 260 |
_a[S.N] : _bدار المعارف ، _c1991 |
||
| 300 | _a464 ص | ||
| 490 |
_aفى طرق التدريس _v0 |
||
| 650 | 0 | 4 | _aاللغة العربية - طرق تدريس |
| 942 |
_2ddc _cBK |
||
| 999 |
_c55336 _d55336 |
||